[Event "World ol U16"]
[Site "Eindhoven"]
[Date "2023.08.14"]
[Round "3.26"]
[White "Nabirye, Caroline"]
[Black "Bootsumran, Sirin"]
[Result "0-1"]
[WhiteElo "1275"]
[BlackElo "1374"]
[PlyCount "116"]
[EventDate "2023.08.13"]
[EventType "team-swiss"]
[EventRounds "9"]
[EventCountry "NED"]
[SourceTitle "CBM 215 Extra"]
[Source "ChessBase"]
[SourceDate "2023.09.30"]
[SourceVersion "1"]
[SourceVersionDate "2023.09.30"]
[SourceQuality "1"]
[WhiteTeam "Uganda"]
[BlackTeam "Thailand"]
[WhiteTeamCountry "UGA"]
[BlackTeamCountry "THA"]

1. e4 c5 2. Bc4 e6 3. Nf3 d5 4. exd5 exd5 5. Be2 Nf6 6. d4 Be6 7. Nc3 Nc6 8. Be3 c4 9. 0-0 Bd6 10. h3 0-0 11. Nh2 Bxh2+ 12. Kxh2 Qd6+ 13. Kg1 Qb4 14. Rb1 Bf5 15. a3 Qe7 16. Bg5 Rad8 17. Bf3 Be6 18. Re1 h6 19. Bh4 Qd7 20. Bxf6 gxf6 21. Ne2 Kh7 22. Ng3 Rg8 23. Qd2 Qd6 24. c3 Rg6 25. Bh5 Rg7 26. Qe3 Rdg8 27. Bg4 Bxg4 28. hxg4 Rxg4 29. Nf5 Rxg2+ 30. Kf1 Qh2 31. Ke2 Qh5+ 32. Qf3 Qxf3+ 33. Kxf3 R2g5 34. Ne3 h5 35. Rh1 Kg7 36. Rbe1 Nd8 37. Rhg1 Kf8 38. Rh1 Ne6 39. Rh4 Ke7 40. Reh1 Rh8 41. R1h2 Nf8 42. Rg2 Ng6 43. Rhh2 Ke6 44. Nc2 h4 45. Ne3 h3 46. Rxg5 fxg5 47. Kg4 Ne7 48. Kxg5 f5 49. Kf4 Ng6+ 50. Kg3 f4+ 51. Kf3 fxe3 52. fxe3 Kf5 53. a4 Nh4+ 54. Kg3 Ke4 55. Rxh3 Nf5+ 56. Kg4 Rxh3 57. Kxh3 Nxe3 58. Kg3 Nd1 0-1

[Event "SEA Blitz (Women) 31st"]
[Site "Ha Long"]
[Date "2022.05.20"]
[Round "4.2"]
[White "Bootsumran, Sirin"]
[Black "Pham, Le Thao Nguyen"]
[Result "0-1"]
[WhiteElo "1386"]
[BlackElo "2369"]
[PlyCount "74"]
[EventDate "2022.05.20"]
[EventType "swiss (blitz)"]
[EventRounds "5"]
[EventCountry "VIE"]
[SourceTitle "CBM 208 Extra"]
[Source "ChessBase"]
[SourceDate "2022.07.31"]
[SourceVersion "1"]
[SourceVersionDate "2022.07.31"]
[SourceQuality "1"]

1. e4 c5 2. Nf3 e6 3. d4 cxd4 4. Nxd4 a6 5. Nc3 Qc7 6. a3 b5 7. Be3 Bb7 8. Be2 Nf6 9. f3 Be7 10. 0-0 0-0 11. Qe1 d6 12. Qg3 Re8 13. Rae1 Nbd7 14. Bd3 Nc5 15. f4 Ncxe4 16. Nxe4 Bxe4 17. Bxe4 Nxe4 18. Qf3 Nf6 19. Re2 Rac8 20. Qh3 Bf8 21. Rfe1 g6 22. Bc1 Bg7 23. c3 Qc5 24. Kh1 Qh5 25. Qg3 d5 26. Nf3 Ne4 27. Qh3 Qxh3 28. gxh3 a5 29. Bd2 Rb8 30. c4 bxc4 31. Bxa5 Bxb2 32. Rb1 Bf6 33. Ree1 c3 34. Ne5 Rec8 35. Rbc1 Bxe5 36. fxe5 Nf2+ 37. Kg2 Nd3 0-1

[Event "THA-ch (Women)"]
[Site "Bangkok"]
[Date "2021.11.08"]
[Round "8"]
[White "Chuersakul, Sarocha"]
[Black "Bootsumran, Sirin"]
[Result "1-0"]
[WhiteElo "1686"]
[BlackElo "1209"]
[PlyCount "85"]
[EventDate "2021.11.05"]
[EventType "swiss"]
[EventRounds "9"]
[EventCountry "THA"]
[SourceTitle "CBM 205 Extra"]
[Source "ChessBase"]
[SourceDate "2022.01.31"]
[SourceVersion "1"]
[SourceVersionDate "2022.01.31"]
[SourceQuality "1"]

1. c4 Nf6 2. g3 e6 3. Bg2 d5 4. cxd5 exd5 5. d4 Bf5 6. Nf3 Nbd7 7. 0-0 Bd6 8. Nc3 c6 9. Bg5 0-0 10. Nh4 Bg6 11. Nxg6 hxg6 12. Qb3 Nb6 13. a4 Qd7 14. a5 Nc4 15. e4 Bc7 16. exd5 cxd5 17. Qxb7 Rfb8 18. Qa6 Bxa5 19. Nxd5 Nxd5 20. Qxc4 Rb5 21. Rfc1 Re8 22. Bh3 Qb7 23. Bc8 Qb8 24. Bd7 Nc7 25. Bxb5 Nxb5 26. Rxa5 Nd6 27. Qc2 Qb4 28. Qc5 Re1+ 29. Kg2 Qb7+ 30. d5 Rxc1 31. Bxc1 Qe7 32. Qe3 Qb7 33. Qxa7 Qb4 34. Ra4 Qb5 35. Qd4 Nf5 36. Qc4 Qb7 37. Rb4 Qe7 38. Qe4 Qc5 39. Bf4 Kh7 40. d6 Nxd6 41. Bxd6 Qxd6 42. Rd4 Qf6 43. Qh4+ 1-0

[Event "THA-ch (Women)"]
[Site "Bangkok"]
[Date "2021.11.07"]
[Round "6"]
[White "Katunchalee, Rangkaew"]
[Black "Bootsumran, Sirin"]
[Result "0-1"]
[WhiteElo "1422"]
[BlackElo "1209"]
[PlyCount "104"]
[EventDate "2021.11.05"]
[EventType "swiss"]
[EventRounds "9"]
[EventCountry "THA"]
[SourceTitle "CBM 205 Extra"]
[Source "ChessBase"]
[SourceDate "2022.01.31"]
[SourceVersion "1"]
[SourceVersionDate "2022.01.31"]
[SourceQuality "1"]

1. d4 Nf6 2. Nc3 e6 3. Bf4 b6 4. e3 Bb4 5. Bd3 Bb7 6. Nf3 Nd5 7. Qd2 Nxf4 8. exf4 Bxf3 9. gxf3 Nc6 10. Be2 Qf6 11. 0-0-0 Ne7 12. Qe3 Bxc3 13. bxc3 Nd5 14. Qe5 Nxc3 15. Rde1 Qxe5 16. fxe5 Nxa2+ 17. Kd2 Nb4 18. Ra1 a5 19. Rhb1 Ke7 20. f4 f6 21. Rg1 Rhg8 22. Rg3 Raf8 23. c4 fxe5 24. fxe5 Rxf2 25. h4 Rf4 26. Rg4 Rxg4 27. Bxg4 Rf8 28. Rg1 g6 29. h5 g5 30. h6 Nc6 31. Ke3 Rf4 32. Bh5 Rf5 33. Bf3 a4 34. Be4 Rf7 35. Rxg5 a3 36. Rg1 a2 37. Kd3 Nb4+ 38. Kc3 c5 39. d5 exd5 40. cxd5 Rf4 41. Bc2 Nxd5+ 42. Kb2 Rf2 43. Kb3 c4+ 44. Kxa2 Rxc2+ 45. Kb1 Rf2 46. Rg7+ Rf7 47. Rg8 b5 48. Rc8 c3 49. Rc5 b4 50. Rxd5 b3 51. Kc1 Rf1+ 52. Rd1 b2+ 0-1